Louisville Basketball: Top 10 All-Time Leaders - Statistics

General Stats
  • This quiz has been taken 42 times
    16 since last reset
  • The average score is 37 of 93
Answer Stats
Category # Player Amount % Correct
Points 8 LaBradford Smith 1,806
85%
Assists 1 LaBradford Smith 713
85%
Steals 3 LaBradford Smith 227
85%
Assists 2 Peyton Siva 677
85%
Steals 2 Peyton Siva 254
85%
Games T2 Peyton Siva 144
85%
Points 7 Derek Smith 1,826
77%
Rebounds 10 Derek Smith 884
77%
Field Goal Percent 3 Derek Smith 57.7%
77%
Three Pointers Made 4 Jerry Smith 210
77%
Games 9 Jerry Smith 138
77%
Points 5 Russ Smith 1,908
77%
Steals 1 Russ Smith 257
77%
Three Pointers Made T10 Russ Smith 180
77%
Points 1 Darrell Griffith 2,333
69%
Steals 8 Darrell Griffith 194
69%
Field Goal Percent 10 Darrell Griffith 52.3%
69%
Points Per Game 3 Darrell Griffith 18.5
69%
Field Goal Percent 2 Montrezl Harrell 58.6%
62%
Points 3 Pervis Ellison 2,143
62%
Rebounds 3 Pervis Ellison 1,149
62%
Blocks 1 Pervis Ellison 374
62%
Field Goal Percent 4 Pervis Ellison 57.7%
62%
Games T10 Pervis Ellison 136
62%
Rebounds 7 Terrence Williams 970
54%
Assists 3 Terrence Williams 546
54%
Steals 6 Terrence Williams 210
54%
Three Pointers Made 7 Terrence Williams 195
54%
Games T6 Terrence Williams 140
54%
Field Goal Percent 1 Clifford Rozier 59.2%
46%
Points Per Game 7 Clifford Rozier 17.0
46%
Blocks 2 Gorgui Dieng 267
46%
Assists 6 Keith Williams 482
46%
Points 6 Milt Wagner 1,836
46%
Assists 9 Milt Wagner 432
46%
Games T2 Milt Wagner 144
46%
Rebounds 2 Wes Unseld 1,551
46%
Field Goal Percent 5 Wes Unseld 55.8%
46%
Points Per Game 1 Wes Unseld 20.6
46%
Blocks 3 Anas Mahmoud 218
38%
Points 9 Charlie Tyra 1,728
38%
Rebounds 1 Charlie Tyra 1,617
38%
Points Per Game 4 Charlie Tyra 18.2
38%
Three Pointers Made 5 Edgar Sosa 200
38%
Games T6 Edgar Sosa 140
38%
Three Pointers Made T10 Francisco Garcia 180
38%
Three Pointers Made 1 Taquan Dean 359
38%
Rebounds 8 Billy Thompson 928
31%
Assists 8 Billy Thompson 459
31%
Blocks 5 Billy Thompson 185
31%
Field Goal Percent 8 Billy Thompson 52.8%
31%
Games 4 Billy Thompson 143
31%
Blocks 4 Charles Jones 188
31%
Points 2 DeJuan Wheat 2,183
31%
Assists 5 DeJuan Wheat 498
31%
Steals 7 DeJuan Wheat 204
31%
Three Pointers Made 2 DeJuan Wheat 323
31%
Games T10 DeJuan Wheat 136
31%
Steals T9 Lancaster Gordon 192
31%
Points 4 Reece Gaines 1,945
31%
Assists 7 Reece Gaines 475
31%
Steals T9 Reece Gaines 192
31%
Three Pointers Made 3 Reece Gaines 225
31%
Rebounds 5 Rodney McCray 1,029
31%
Blocks 6 Rodney McCray 178
31%
Blocks T7 Scooter McCray 173
31%
Field Goal Percent 9 Dwayne Morton 52.4%
23%
Games 1 Jeff Hall 145
23%
Three Pointers Made 6 Preston Knowles 198
23%
Three Pointers Made 9 Ryan McMahon 182
23%
Steals 5 Alvin Sims 217
15%
Rebounds 6 Ellis Myles 998
15%
Points 10 Herbert Crook 1,723
15%
Games 5 Herbert Crook 142
15%
Points Per Game 6 Jim Price 17.1
15%
Rebounds 9 John Turner 919
15%
Points Per Game 8 John Turner 16.9
15%
Steals 4 Tick Rogers 224
15%
Points Per Game 9 Allen Murphy 16.3
8%
Games T10 Brandon Jenkins 136
8%
Points Per Game 2 Butch Beard 19.0
8%
Blocks T7 Cornelius Holden 173
8%
Blocks 10 Mangok Mathiang 146
8%
Points Per Game 10 Mike Grosso 16.2
8%
Assists 4 Phil Bond 528
8%
Assists 10 Rick Wilson 419
8%
Field Goal Percent 7 Rick Wilson 53.0%
8%
Blocks 9 Terrence Jennings 158
8%
Rebounds 4 Fred Sawyer 1,040
0%
Points Per Game 5 John Reuther 18.2
0%
Three Pointers Made 8 Quentin Snider 184
0%
Field Goal Percent 6 Ricky Gallon 55.2%
0%
Games 8 Tony Kimbro 139
0%
No matching quizzes found
Score Distribution
Percent of People with Each Score
Percentile by Number Answered
Your Score History
You have not taken this quiz since the last reset